Voltaire

Uloženo v:
Podrobná bibliografie
Hlavní autor: Maurois, André (autor)
Médium: Kniha
Jazyk:španělština
Vydáno: Santiago Ercilla 1936
Edice:Biblioteca Económica de Grandes Obras
Témata:
Tagy: Přidat tag
Žádné tagy, Buďte první, kdo vytvoří štítek k tomuto záznamu!

MARC

LEADER 00000cam a2200000 a 4500
001 UCP8269
003 CL-VaPUC
008 000114e19360000CL |||||||||||||||||spa|d
082 0 4 |a 921.1  |b MAU  |2 21 
100 |a Maurois, André  |e autor  |9 342508 
245 1 0 |a Voltaire 
300 |a 113 p 
942 |c BK 
945 |d 20000114 00:00:00  |a rherrera 
260 |a Santiago  |b Ercilla  |c 1936 
600 0 7 |a VOLTAIRE  |2 CL-VaPUC  |9 314050 
650 0 |a Biografías  |9 255210 
650 0 |a Filósofos   |9 269126 
650 0 |a Vida y obra  |9 311871 
650 0 |a Renacimiento  |9 255107 
651 0 |a Francia  |9 255157 
583 |a last modification  |c 20130827 05:16:10  |k Rodrigo Vera 
490 0 |a Biblioteca Económica de Grandes Obras 
999 |c 285201  |d 285199 
952 |0 0  |1 0  |4 0  |6 921_100000000000000_MAU_1936  |7 0  |8 A  |9 329635  |a BIBHIS  |b BIBHIS  |d 2019-11-20  |i 1377507  |o 921.1 MAU 1936  |p 1377507  |r 2024-01-30  |w 2019-11-20  |y BK  |k HIS 
952 |0 0  |1 0  |3 erb  |4 0  |6 921_100000000000000_MAU_1936  |7 0  |8 A  |9 329636  |a BIBHIS  |b BIBHIS  |d 2019-11-20  |i 5002044  |o 921.1 MAU 1936  |p 5002044  |r 2023-01-25  |w 2019-11-20  |y BK  |z Catalogado en:20130829  |k HIS